Loading...
Network Planning in Management Control Systems
| Main Author: | |
|---|---|
| Other Authors: | |
| Format: | Printed Book |
| Published: |
london
hte
1970
|
| LEADER | 00453nam a22001457a 4500 | ||
|---|---|---|---|
| 020 | |a 091013101 | ||
| 082 | |a 658.401 |b HOL/NE | ||
| 100 | |a Holden,I R | ||
| 245 | |a Network Planning in Management Control Systems | ||
| 260 | |a london |b hte |c 1970 | ||
| 300 | |a 119p. | ||
| 700 | |a Mellroy,P K | ||
| 942 | |c BK | ||
| 999 | |c 4254 |d 4254 | ||
| 952 | |0 0 |1 0 |4 0 |6 658_401000000000000_HOL_NE |7 0 |8 NFIC |9 5286 |a KUFOS |b KUFOS |c GEN |d 2016-05-31 |o 658.401 HOL/NE |p 00155 |r 2016-05-31 |w 2016-05-31 |y BK | ||